Veerappan's prize catch: Rajkumar (Record no. 514979)

000 -LEADER
fixed length control field 00360nam a2200133 4500
082 ## - DEWEY DECIMAL CLASSIFICATION NUMBER
Classification number TNC A99 V519/D834
100 ## - MAIN ENTRY--PERSONAL NAME
Personal name Dinakar
9 (RLIN) 20011
245 ## - TITLE STATEMENT
Title Veerappan's prize catch: Rajkumar
260 ## - PUBLICATION, DISTRIBUTION, ETC. (IMPRINT)
Place of publication, distribution, etc New Delhi
Name of publisher, distributor, etc Konark
Date of publication, distribution, etc 2003
300 ## - PHYSICAL DESCRIPTION
Extent 313p.
650 ## - SUBJECT ADDED ENTRY--TOPICAL TERM
Topical term or geographic name as entry element Vīrappan
9 (RLIN) 20028
650 ## - SUBJECT ADDED ENTRY--TOPICAL TERM
Topical term or geographic name as entry element Wildlife smuggling -- India
9 (RLIN) 20029
650 ## - SUBJECT ADDED ENTRY--TOPICAL TERM
Topical term or geographic name as entry element Criminals -- India
9 (RLIN) 20030
Holdings
Withdrawn status Lost status Source of classification or shelving scheme Damaged status Koha normalized classification for sorting Not for loan Permanent location Current location Date acquired Full call number Barcode Date last seen Price effective from Koha item type
        TNC_A99_V519_D834   Indian Institute of Public Administration Indian Institute of Public Administration 2021-01-05 TNC A99 V519/D834 GR22140 2021-01-05 2021-01-05 GR

Powered by Koha